| 000 | 00465nam a22001697a 4500 | ||
|---|---|---|---|
| 003 | CEME | ||
| 005 | 20210628202417.0 | ||
| 008 | 210204b xxu||||| |||| 00| 0 eng d | ||
| 040 | _c. | ||
| 082 | _a620.106 MAL | ||
| 100 |
_aMalhotra, D.R Malhotra, N.K _959799 |
||
| 245 | _aThe fluid mechanics and hydraulics | ||
| 260 |
_aNEW DELHI _bSATYA PRAKASHAN _c1997 |
||
| 300 | _a751P | ||
| 650 |
_aHYDRAULICS; FLUID MECHANICS AND HYDRAULICS _959800 |
||
| 942 |
_cBK _2ddc |
||
| 999 |
_c569690 _d569690 |
||